Conejos: su cría y explotación racional
में बचाया:
| मुख्य लेखक: | |
|---|---|
| स्वरूप: | पुस्तक |
| भाषा: | स्पेनिश |
| प्रकाशित: |
Santiago
Departamento de Comunicaciones Agrícolas
1978
|
| विषय: | |
| टैग: |
टैग जोड़ें
कोई टैग नहीं, इस रिकॉर्ड को टैग करने वाले पहले व्यक्ति बनें!
|
MARC
| LEADER | 00000nam a2200000 a 4500 | ||
|---|---|---|---|
| 001 | UCS9006 | ||
| 003 | CL-VaPUC | ||
| 008 | 971113e19780000CL |||||||||||||||||spa|d | ||
| 082 | 0 | 4 | |a 636.9 |b HER |2 21 |
| 100 | 0 | |a Hernández B., J. Eugenio |e author |9 393900 | |
| 245 | 1 | 0 | |a Conejos: su cría y explotación racional |
| 300 | |a 98 p | ||
| 942 | |c BK | ||
| 945 | |d 19971113 00:00:00 |a jquezada | ||
| 260 | |a Santiago |b Departamento de Comunicaciones Agrícolas |c 1978 | ||
| 650 | 7 | |a CUNICULTURA |2 CL-VaPUC |9 393901 | |
| 650 | 0 | |a Conejos |9 393902 | |
| 650 | 7 | |a MANEJO ANIMAL |2 CL-VaPUC |9 393903 | |
| 650 | 7 | |a CRIANZA |2 CL-VaPUC |9 392579 | |
| 650 | 0 | |a Alimentación animal |9 393779 | |
| 650 | 7 | |a CELO |2 CL-VaPUC |9 393775 | |
| 650 | 7 | |a CRUZAMIENTO |2 CL-VaPUC |9 393905 | |
| 650 | 7 | |a CURTIEMBRE |2 CL-VaPUC |9 393842 | |
| 650 | 7 | |a ESQUILA |2 CL-VaPUC |9 393906 | |
| 583 | |a last modification |c 19971113 00:00:00 |k Rodrigo Vera | ||
| 999 | |c 263084 |d 263082 | ||